• 首页
  • 本馆介绍
  • 公告通知
  • 最新文献
  • 馆藏检索
  • 电子资源
  • 读者导购
  • 参考咨询
  • 我的图书馆
  • 登录
  • 详细信息显示
  • 放入我的书架
  • 预约/预借图书
  • 作者相关作品
  • 分类相关作品
  • 丛书相关作品
  • 出版社相关作品

书目信息

  • 表格格式
  • 工作单格式
  • 卡片格式
题名:
房地产估价
    
 
作者: 张红日 编著
分册:  
出版信息: 北京   清华大学出版社  2011
页数: 22, 323页
开本: 23cm
丛书名:
单 册:
中图分类: F293.35
科图分类:
主题词: 房地产价格--估价--教材
电子资源:
ISBN: 978-7-302-25252-8
000 00850nam0 2200253 450
001 339209
005 20150604095438.75
010    @a978-7-302-25252-8@dCNY36.00
100    @a20110908d2011 em y0chiy50 ea
101 0  @achi
102    @aCN@b110000
105    @ay z 000yy
106    @ar
200 1  @a房地产估价@Afang di chan gu jia@d= Real estate appraisal@f张红日编著@zeng
210    @a北京@c清华大学出版社@d2011
215    @a22, 323页@d23cm
300    @a21世纪房地产经营管理系列教材
330    @a本书阐述了房地产估价的理论、方法及具体应用, 主要内容包括: 房地产价格的特征与类型、房地产价格的影响因素、房地产评估的原则与程序等。
510 1  @aReal estate appraisal@zeng
606 0  @a房地产价格@x估价@j教材
690    @aF293.35@v5
701  0 @a张红日@Azhang hong ri@4编著
801  0 @aCN@b卓展宏图@c20150525
905    @dF293.35@e1233@f4
    
    房地产估价= Real estate appraisal/张红日编著.-北京:清华大学出版社,2011
    22, 323页;23cm
    21世纪房地产经营管理系列教材
    
    ISBN 978-7-302-25252-8:CNY36.00
    本书阐述了房地产估价的理论、方法及具体应用, 主要内容包括: 房地产价格的特征与类型、房地产价格的影响因素、房地产评估的原则与程序等。
●
相关链接 在E读中查询图书 在五车中查询图书 在当当中查询图书 在豆瓣中查询图书


正题名:房地产估价     索取号:F293.35/1233         预约/预借

序号 登录号 条形码 馆藏地/架位号 状态 备注
1 859879   208598793   第一样本阅览室/ [索取号:F293.35/1233] 在馆    
2 859880   208598800   第一借阅区/ [索取号:F293.35/1233] 在馆    
3 859881   208598819   第一借阅区/ [索取号:F293.35/1233] 在馆    
4 859882   208598828   密集书库-海洋学院/ [索取号:F293.35/1233] 在馆    
唐山师范学院图书馆 欢迎您!
大连网信软件有限公司© 版权所有